书目信息 |
| 题名: |
君主论
|
|
| 作者: | 马基雅维利 著 ;王水 译 | |
| 分册: | ||
| 出版信息: | 南京 译林出版社 2017 |
|
| 页数: | 105页 | |
| 开本: | 23cm | |
| 丛书名: | ||
| 单 册: | ||
| 中图分类: | D033.2 | |
| 科图分类: | ||
| 主题词: | 君主制--jun zhu zhi--研究 | |
| 电子资源: | ||
| ISBN: | 978-7-5447-6617-3 | |
| 000 | 00925nam0 22002771 450 | |
| 001 | 0118172256 | |
| 005 | 20170618172256.0 | |
| 010 | @a978-7-5447-6617-3@dCNY22.00 | |
| 100 | @a20161228d2017 em y0chiy50 ea | |
| 101 | 1 | @achi@cita |
| 102 | @aCN@b320000 | |
| 105 | @ay z 000yy | |
| 106 | @ar | |
| 200 | 1 | @a君主论@Ajun zhu lun@dThe prince@f(意)尼科洛·马基雅维里著@g王水译@zeng |
| 210 | @a南京@c译林出版社@d2017 | |
| 215 | @a105页@d23cm | |
| 300 | @a典藏书架 | |
| 330 | @a本书内容包括:君主国的种类及获得君主国的手段、论世袭君主国、论混合君主国、论依靠自己的武力和能力获得的新君主国等。 | |
| 500 | 10 | @a君主论 |
| 510 | 1 | @aPrince@zeng |
| 606 | 0 | @a君主制@Ajun zhu zhi@x研究 |
| 690 | @aD033.2@v5 | |
| 701 | 0 | @c(意)@a马基雅维利@Ama ji ya wei li@c(Machiavelli, Niccolò@f1469~1527)@4著 |
| 702 | 0 | @a王水@Awang shui@c(女,@f1977~)@4译 |
| 801 | 0 | @aCN@bTANGWEI@c20170615 |
| 905 | @b1009125-30@dD033.2@e138@f6 | |
| 君主论=The prince/(意)尼科洛·马基雅维里著/王水译.-南京:译林出版社,2017 |
| 105页;23cm |
| 典藏书架 |
| ISBN 978-7-5447-6617-3:CNY22.00 |
| 本书内容包括:君主国的种类及获得君主国的手段、论世袭君主国、论混合君主国、论依靠自己的武力和能力获得的新君主国等。 |
| ● |
| 相关链接 |
|
|
|
|
正题名:君主论
索取号:D033.2/138
 
预约/预借
| 序号 | 登录号 | 条形码 | 馆藏地/架位号 | 状态 | 备注 |
| 1 | 1009125 | 210091256 | 第一样本阅览室/ [索取号:D033.2/138] | 在馆 | |
| 2 | 1009126 | 210091265 | 教育系资料室/ [索取号:D033.2/138] | 在馆 | |
| 3 | 1009127 | 210091274 | 教育系资料室/ [索取号:D033.2/138] | 在馆 | |
| 4 | 1009128 | 210091283 | 教育系资料室/ [索取号:D033.2/138] | 在馆 | |
| 5 | 1009129 | 210091292 | 第一借阅区/ [索取号:D033.2/138] | 在馆 | |
| 6 | 1009130 | 210091309 | 第一借阅区/ [索取号:D033.2/138] | 在馆 |